000 00524nam a2200193Ia 4500
005 20250326145011.0
008 250326s9999 xx 000 0 und d
020 _a81-7629-392-3
037 _aTextbook
040 _aFMSL
_beng
_cFMSL
041 _aeng
_2eng
084 _aX62 P2
_qFMSL
100 _aGhosh A
245 0 _aMoney, banking and economic reforms
_cGhosh A; Sen R K
260 _aNew Delhi
_bNew Delhi, Deep & Deep
_c2002
300 _a293p
942 _cTB
_hX62 P2
999 _c1305981
_d1305981